Symposium on fatigue with emphasis on statistical approach-II (Record no. 502073)

000 -LEADER
fixed length control field 00440cam a22001337a 4500
008 - FIXED-LENGTH DATA ELEMENTS--GENERAL INFORMATION
fixed length control field 180718b1953 xxu||||| |||| 00| 0 eng d
082 ## - DEWEY DECIMAL CLASSIFICATION NUMBER
Classification number YA620163 Am35
245 ## - TITLE STATEMENT
Title Symposium on fatigue with emphasis on statistical approach-II
260 ## - PUBLICATION, DISTRIBUTION, ETC.
Place of publication, distribution, etc. New York
Name of publisher, distributor, etc. American Society for Testing Materials
Date of publication, distribution, etc. 1953
300 ## - PHYSICAL DESCRIPTION
Extent 91p.
440 ## - SERIES STATEMENT/ADDED ENTRY--TITLE
Title ASTM Special technical publication No.137
500 ## - GENERAL NOTE
General note Fiftieth anniversary publication
650 ## - SUBJECT ADDED ENTRY--TOPICAL TERM
Topical term or geographic name entry element Fatigue
Holdings
Withdrawn status Lost status Damaged status Not for loan Permanent Location Current Location Date acquired Full call number Barcode Date last seen Price effective from Koha item type
        Indian Institute of Public Administration Indian Institute of Public Administration 2018-08-04 YA620163 Am35 GR5993 2018-08-04 2018-08-04 GR

Powered by Koha